| Tag |
First Indicator |
Second Indicator |
Subfields |
| LEADER |
00000ccm a2200000 4500 |
| 001 |
in00000613556 |
| 005 |
20151015050239.0 |
| 008 |
720809s1959 nyuopaa dh n 1 eng |
| 010 |
|
|
|a m 59001029
|
| 035 |
|
|
|a (OCoLC)00376511
|
| 035 |
|
|
|9 ACS8766AM
|
| 040 |
|
|
|a CDC
|c CDC
|d OCL
|d TXA
|d UtOrBLW
|
| 049 |
|
|
|a TXAM
|c [319086]
|
| 050 |
0 |
0 |
|a M2000.D25
|b P54
|
| 130 |
0 |
|
|a Danielis ludus.
|
| 245 |
1 |
4 |
|a The play of Daniel ;
|b a thirteenth-century drama /
|c Edited for modern performance by Noah Greenberg. Based on the transcription from British Museum Egerton 2615, by Rembert Weakland. Narration by W. H. Auden.
|
| 264 |
|
1 |
|a New York :
|b Oxford University Press,
|c 1959.
|
| 300 |
|
|
|a x pages score (118 pages) :
|b illustrations, facsimiles ;
|c 28 cm.
|
| 336 |
|
|
|a notated music
|b ntm
|2 rdacontent
|
| 337 |
|
|
|a unmediated
|b n
|2 rdamedia
|
| 338 |
|
|
|a volume
|b nc
|2 rdacarrier
|
| 500 |
|
|
|a For soloists, chorus, and instrumental ensemble.
|
| 500 |
|
|
|a "Translation of the Latin text, by Jean Misrahi": pages 103-111.
|
| 500 |
|
|
|a "Notes on staging the play, by Nikos Psacharopoulos": pages 112-114. Notes on costumes, by Robert Fletcher": pages 115-117."
|
| 536 |
|
|
|a From the Howard Mayer Brown, Edward Downes and Mary Schieffelin Book Collections, October 2004.
|
| 600 |
0 |
0 |
|a Daniel
|c (Biblical figure)
|v Drama.
|
| 650 |
|
0 |
|a Liturgical dramas.
|
| 700 |
1 |
|
|a Greenberg, Noah.
|
| 700 |
1 |
|
|a Auden, W. H.
|q (Wystan Hugh),
|d 1907-1973.
|
| 710 |
2 |
|
|a British Library.
|k Mss. (Egerton 2615)
|
| 999 |
|
|
|a MARS
|
| 999 |
f |
f |
|s 6ae3d14c-49ae-3f55-81b3-f13f27c0e659
|i c53f9b37-6164-311a-bf08-cea6078d1e1d
|t 0
|
| 952 |
f |
f |
|p ric
|a Texas A&M University
|b Rellis Campus
|c Joint Library Facility
|d Remote Storage
|t 0
|e M2000.D25 P54
|h Library of Congress classification
|i unmediated -- volume
|m A14834346045
|
| 998 |
f |
f |
|a M2000.D25 P54
|t 0
|l Remote Storage
|